| 000 | 00581nam a2200193 a 4500 | ||
|---|---|---|---|
| 001 | 3213 | ||
| 003 | CDMR | ||
| 005 | 20131129100801.0 | ||
| 008 | 130130s2006||||||||||||||||||||||||||||d | ||
| 020 | _a8439372698 | ||
| 040 |
_aCDMR _bcat _cCPC LLEIDA |
||
| 245 | 1 | 0 |
_aPress subsidies in Europe _cIsabel Fernández Alonso ... [et al.] (editors) |
| 260 |
_aBarcelona _c2006 _bGeneralitat de Catalunya |
||
| 490 | 0 | _aCol·lecció Lexikon | |
| 650 | 0 | 4 |
_9311 _aEmpreses periodístiques |
| 650 | 0 | 4 |
_94415 _aPremsa _xSubvencions |
| 700 | 1 |
_92331 _aFernández Alonso, Isabel |
|
| 942 |
_cMON _2udc |
||
| 999 |
_c3213 _d3213 |
||